WOW! Window on the world : student's book 1 No.1

Gespeichert in:
Bibliographische Detailangaben
1. Verfasser: Nolasco, Rob
Format: Buch
Veröffentlicht: Oxford University Press 1990
Tags: Tag hinzufügen
Keine Tags, Fügen Sie den ersten Tag hinzu!
Thư viện lưu trữ: Mạng thư viện Đại học Đà Nẵng
LEADER 00784nam a2200241 a 4500
001 000042105
003 9064
005 20171030155812.0
008 171030s1990
040 |a LNN 
082 0 |a 428.24  |b NO-R 
100 1 |a Nolasco, Rob 
245 0 0 |a WOW! Window on the world : student's book 1  |c Rob Nolasco.  |n No.1 
260 |b Oxford University Press  |c 1990 
OWN |a LNN 
AVA |a UDN50  |b LNN  |d 428.24 NO-R  |e available  |t Error 5001 Not defined in file expand_doc_bib_avail.  |f 1  |g 0  |h N  |i 0  |k 1 
999 |a From the UDN01 
AVA |a UDN50  |b LNN  |d 428.24 NO-R  |e available  |t Error 5001 Not defined in file expand_doc_bib_avail.  |f 1  |g 0  |h N  |i 0  |k 1 
TYP |a Monograph 
TYP |a Printed language 
980 |a Mạng thư viện Đại học Đà Nẵng